00753nam a2200193 a 450000100100000000500170001000800410002702000150006804000250008310000260010824500650013426000720019930000400027150000210031150400730033250400320040595201050043799900170054200004166720201002035708.0131015s1986 sp 001 0 spa d a840006156X aDO-SdBNPbspacBNPHU1 aCobos, Antonio96846010aFauna Ibérica de Coleopteros Buprestidae /cAntonio Cobos. aMadrid :bConsejo Superior de Investigaciones Científicas,c1986. a364 p., (40) p. de lám. ;c25 cm. aIncluye índice aIncluye referencias bibliográficas y notas al pie de las páginas aBibliografía : p. 335-343 001050718MOaGRbGRcCTd2013-10-15iLF1l0o p41667-10r2020-06-25w2020-06-25y1ZNo se presta c41157d41157